| 000 | 00913nam a22002177a 4500 | ||
|---|---|---|---|
| 005 | 20180608120847.0 | ||
| 010 | _a1718EN-30 B-689384-386 | ||
| 020 |
_a9789385622472 _c995.00 |
||
| 035 | _aB-689384-386 | ||
| 037 |
_bSignature Books _adpl |
||
| 037 | _bMount Hill Publishing | ||
| 082 | _a136.7 | ||
| 100 | _aDas, Ajay | ||
| 245 |
_aChild psychology / _cby Ajay Das |
||
| 260 |
_aDelhi _bSignature Books International _c2016 |
||
| 270 |
_aE-5/218, Street No.10, Near Hardan Public School, 5th Pusta, Sonia Vihar, _bDelhi _e110094 |
||
| 300 |
_a248p _c23cm(Hb) |
||
| 500 | _aIncludes bibliographical references and index | ||
| 942 |
_2ddc _cEN _mDAS _h136.7 |
||
| 999 |
_c146146 _d146146 |
||